Cultura y civilización de espana capítulos escogidos de la historia y realidad contemporánea de Espana

Salvato in:
Dettagli Bibliografici
Autore principale: Paľková, Jana
Ente Autore: Ekonomická univerzita v Bratislave. Ústav jazykov
Altri autori: Fráterová, Zuzana, Jónová, Rút, Kotuliaková, Tatiana, Kravárik, Ján, Mruškovič, Jozef, Puchovský, Maroš, Lenghardtová, Jana, Sánchez Presa, Mónica
Natura: Libro
Lingua:spagnolo
Pubblicazione: Bratislava Vydavateľstvo EKONÓM 2009
Soggetti:
Tags: Aggiungi Tag
Nessun Tag, puoi essere il primo ad aggiungerne!!

MARC

LEADER 00000nam$a2200000$$$4500
001 0104194
005 20240502072135.6
020 |a 978-80-225-2829-0 
041 0 |a spa 
044 |a SK 
245 1 0 |a Cultura y civilización de espana  |b capítulos escogidos de la historia y realidad contemporánea de Espana  |c kolektív autorov 
264 1 |a Bratislava  |b Vydavateľstvo EKONÓM  |c 2009 
300 |a 176 s. 
610 2 0 |a kultúra 
610 2 0 |a civilizácia 
610 2 0 |a Španielsko 
610 2 0 |a história 
610 2 0 |a geografia 
610 2 0 |a demografia 
610 2 0 |a jazykoveda 
610 2 0 |a politika 
610 2 0 |a komunikácia 
610 2 0 |a hospodárstvo národné 
610 2 0 |a služby sociálne 
610 2 0 |a vzdelávanie 
100 1 |a Paľková, Jana 
700 1 |a Fráterová, Zuzana 
700 1 |a Jónová, Rút 
700 1 |a Kotuliaková, Tatiana 
700 1 |a Kravárik, Ján 
700 1 |a Mruškovič, Jozef 
700 1 |a Puchovský, Maroš 
700 1 |a Lenghardtová, Jana 
700 1 |a Sánchez Presa, Mónica 
710 2 |a Ekonomická univerzita v Bratislave. Ústav jazykov